000 01613nam a22002417a 4500
008 230719s2023 xxk|||||o|||| 00| 0 eng d
041 _aeng
110 _aRoyal Institution of Chartered Surveyors
245 _aResidential retrofit standard
_ba consultation
_h[Electronic resource]
260 _aLondon,
_bRoyal Institution of Chartered Surveyors,
_c18 July 2023
300 _a34p.
490 _aRICS Consultation
520 _aAn eight week long consultation in a bid to gather input from RICS members and industry professionals on the new RICS Residential Retrofit Standard for 2023. This new standard will be developed following the consultation, as a response to a demand for high quality, residential retrofit advice, spurred on by increasingly high energy prices and UK government net-zero targets. The Retrofit Standard will create a framework within which RICS members can advise customers on retrofit options in homes across the UK, in turn supporting the nationwide effort to decarbonise the residential property sector. Consultation opened 18th July 2023, closes 12 Sep 2023.
650 _aDECARBONISATION
650 _aRETROFIT
650 _aRESIDENTIAL PROPERTY
651 _aUnited Kingdom
690 _96266
_aResidential property
710 _aRoyal Institution of Chartered Surveyors
856 _uhttps://consultations.rics.org/gf2.ti/f/1523362/173054917.1/PDF/-/Retrofit%202023_clean%20consultation%20copy.pdf
_zView the consultation document on RICS.org
856 _uhttps://consultations.rics.org/retrofitstandard/
_zView the RICS iConsult homepage on retrofit
942 _n0
999 _c121610
_d121610